[Event "Hoogovens-B"]
[Site "Wijk aan Zee"]
[Date "1990.01.??"]
[Round "2"]
[White "Fedorowicz, John P"]
[Black "Polgar, Sofia"]
[Result "1-0"]
[WhiteElo "2560"]
[BlackElo "2410"]
[Annotator "Anand,V"]
[PlyCount "65"]
[EventDate "1990.01.??"]
[EventType "tourn"]
[EventRounds "11"]
[EventCountry "NED"]
[EventCategory "9"]
[SourceTitle "CBM 017"]
[Source "ChessBase"]
[SourceDate "1990.08.01"]
[SourceVersion "1"]
[SourceVersionDate "1990.08.01"]
[SourceQuality "1"]

1. e4 c5 2. Nf3 e6 3. d4 cxd4 4. Nxd4 Nf6 5. Nc3 d6 6. g4 h6 7. h4 Nc6 8. Rg1
h5 9. gxh5 Nxh5 10. Bg5 Qb6 $6 (10... Nf6 11. Qd2 Qb6) 11. Nb3 a6 12. Be2 Nf6
13. h5 Qc7 (13... Nd7 $14) 14. h6 $1 {White now rids himself of his only
liability} Nh7 $6 (14... Nd7 15. hxg7 Bxg7 $14) 15. hxg7 Bxg7 16. Be3 Bf6 {
The knight on h7 cuts a sorry figure} 17. Qd2 $16 Bd7 18. O-O-O Be7 19. Rh1 $1
O-O-O 20. Na4 Rdg8 21. Nb6+ Kb8 22. f4 (22. Nc4 $1 $16) 22... Be8 23. a3 Nf6
24. Bf3 Rxh1 25. Bxh1 $1 {The rook is better on the d-file} Na7 26. Na5 Nd7 27.
Qf2 Nc5 28. Nac4 Bc6 29. e5 $1 $18 Bxh1 30. Bxc5 d5 31. Bd6 Bxd6 32. exd6 Qd8
33. Ne5 1-0

[Event "Burgas Black Sea"]
[Site "Burgas"]
[Date "2012.09.13"]
[Round "2"]
[White "Malakhov, Vladimir"]
[Black "Atalik, Suat"]
[Result "1/2-1/2"]
[WhiteElo "2700"]
[BlackElo "2603"]
[Annotator "Atalik,S"]
[PlyCount "121"]
[EventDate "2012.09.12"]
[EventType "tourn"]
[EventRounds "10"]
[EventCountry "BUL"]
[EventCategory "18"]
[SourceTitle "CBM 151"]
[Source "ChessBase"]
[SourceDate "2012.11.13"]
[SourceVersion "1"]
[SourceVersionDate "2012.11.13"]
[SourceQuality "1"]

1. e4 c5 2. Nf3 d6 3. d4 cxd4 4. Nxd4 Nf6 5. Nc3 e6 {I really do not know why
on that particular day I chose the Scheveningen.} 6. g4 e5 $5 {A very strange
line championed by Romanians.} 7. Bb5+ (7. Nf5 h5 8. g5 (8. f3 hxg4 9. fxg4 g6
10. Ne3 Bh6 $40) (8. Bg5 hxg4 9. Nd5 Bxf5 10. Bxf6 gxf6 11. exf5 Bh6 12. c3 Bg5
$132) 8... Nxe4 9. Nxg7+ Bxg7 10. Nxe4 d5 11. Ng3 Bg4 12. Be2 Nc6 13. Nxh5 Bxh5
14. Bxh5 e4 $44) 7... Bd7 8. Bxd7+ Qxd7 9. Nf5 h5 10. gxh5 (10. f3 hxg4 11.
fxg4 Rh3 12. Qe2 Rxc3 13. bxc3 Qc6 14. O-O Qxe4 15. Qxe4 Nxe4 $44) (10. Bg5 Nh7
11. Bh4 {is highly enterprising but possibly not so correct.} (11. Bd2 hxg4 12.
Qxg4 g6 13. Ne3 Qxg4 14. Nxg4 Nc6 15. O-O-O f5 16. Ne3 f4 17. Ned5 Kf7 $11))
10... Nxh5 11. Qf3 (11. Bh6 g6 12. Bxf8 gxf5 13. Bxd6 Nc6 14. Bc5 Qxd1+ 15.
Rxd1 b6 16. Bd6 (16. Ba3 Nd4 17. Kd2 Nf4 18. Kc1 Rc8 19. Kb1 f6 20. exf5 Rc6
21. Ne4 Nxf5 $44) 16... O-O-O 17. exf5 Nf4 18. Ne4 Rh4 $44) 11... g6 12. Ng3
Nc6 13. Be3 f5 $2 $146 {A very bad move which is the result of a lack of chess
understanding.} (13... O-O-O 14. O-O-O Kb8 15. Kb1 Qe6 $14 {was played by the
late Panchenko.}) 14. Nd5 $1 Ne7 15. Nxe7 $1 (15. Qxh5 gxh5 16. Nf6+ Kd8 17.
Nxd7 Kxd7 18. Nxf5 Nxf5 19. exf5 Be7 $11) (15. Nxh5 $2 Nxd5) 15... Bxe7 16.
exf5 Nxg3 17. hxg3 Rxh1+ 18. Qxh1 gxf5 19. O-O-O $16 {This is an awful
position for Black who has his king in the centre.} Bf8 $8 20. Rd3 Rc8 $5 {
I decided to sac a pawn,} ({but maybe} 20... e4 $142 21. Rd5 (21. Rc3 Qf7 22.
Qh8 Kd7) 21... Qf7 22. Qd1 a6 $16 {was a better choice.}) 21. Qh5+ Qf7 22.
Qxf7+ Kxf7 23. Bxa7 Ke6 24. Rb3 Rc7 (24... Bh6+ 25. Kd1 Rc7 26. Bb8 Rd7 27. Ke2
$16) 25. Be3 d5 26. Rb6+ Kf7 27. Bg5 Bg7 28. Kd2 e4 $5 $138 {An interesting
choice.} (28... d4 29. a4 (29. c3 $6 dxc3+ 30. bxc3 e4 31. Rb3 Ke6 $132) 29...
e4 30. Bf4 Rd7 31. Rb5 Kg6 32. Ke2 $16) 29. c3 d4 30. cxd4 Bxd4 31. Rb5 Rd7 32.
Ke2 Kg6 33. Bf4 $18 Kf6 34. a4 Ke6 $2 $138 {A bad mistake in time trouble. My
king should always stay in the kingside.} (34... Kg6 35. Be3 Bxe3 36. Kxe3 Kg5
$132) 35. Be3 $1 {Seizing the moment.} (35. b4 Kf6 36. a5 Kg6 $1 37. Be3 Bxe3
38. Kxe3 Kg5 39. Rb6 Kg4 40. Rg6+ Kh5 41. Re6 Kg4 42. b5 Rd3+ 43. Ke2 Ra3 44.
Rg6+ Kh5 45. Rb6 Rxa5 46. Rxb7 Ra2+ 47. Ke3 Ra3+ 48. Kd4 Kg4 $132 49. Rf7 $140
Rb3 50. Kc5 Rb2 51. b6 Rxf2 52. b7 Rb2 53. Rg7+ Kf3 54. Kc6 e3) 35... Bxe3 $2 (
35... Be5 36. Rb6+ Kd5 37. b4 Rf7 38. a5 Bc3 39. Bc5 Rh7 {and Black is still
alive and kicking.}) 36. Kxe3 Rd3+ 37. Ke2 Rd7 38. a5 Kf6 39. g4 $1 fxg4 40.
Ke3 Re7 (40... Rd3+ 41. Kxe4 Rf3 42. Rxb7 Rxf2 43. a6 Rf1 44. a7 Ra1 45. Kf4 (
45. b4 Ra3) 45... Ke6 46. b4 Ra4 47. Kg3 Kd6 48. b5 $18) (40... Rf7 41. Kxe4 (
41. Kf4 $2 Ke6+) 41... Kg6 42. Ke3 Rf3+ 43. Ke2 Rf7 44. b4 Rd7 45. Kf1 $1 $18 {
with an easy win.}) 41. Kf4 g3 42. Rf5+ $4 $138 (42. Kxg3 e3 43. fxe3 Rxe3+ 44.
Kf4 Re7 45. Rf5+ Kg6 (45... Ke6 $2 46. Re5+ Kd6 47. Rxe7 Kxe7 48. Ke5 Kd7 49.
Kd5 Kc7 50. Kc5 Kc8 51. Kb6 Kb8 52. b4 Ka8 53. b5 Kb8 54. a6 bxa6 55. Kxa6 Ka8
56. b6 $18) 46. b4 Kg7 {Black is too passive.} 47. Rd5 Kf7 48. Kf5 Rc7 49. Rc5
Rd7 50. b5 Ke7 51. Ke5 $18) 42... Ke6 43. fxg3 Kd6 $1 44. Rh5 (44. Ke3 Rg7)
44... e3 45. Rh1 Kd5 46. Kf3 Kc4 47. Ke2 Kb3 $1 48. Rd1 (48. g4 Rg7 49. Rg1 Rg5
50. Kxe3 Kxb2 51. Kf4 Rxa5 52. g5 b5 53. g6 b4 54. g7 Ra8 55. g8=Q Rxg8 56.
Rxg8 b3 57. Ke3 Kc2 58. Rg2+ Kc3 $1 $11) 48... Kxb2 49. Rd3 Re5 {The simplest.}
(49... Rg7 50. Rxe3 Rg5 51. Re7 Rxg3 52. Rxb7+ Kc3 53. a6 Rg6 54. a7 Re6+ 55.
Kf3 Ra6 56. Ke4 Kc4 $11) 50. Rd7 Rg5 51. Rxb7+ Kc3 52. Kf3 (52. Re7 Kd4) (52.
a6 Rxg3 53. a7 Rg2+ 54. Kxe3 Ra2 55. Rc7+ Kb4 56. Kd4 Kb5 57. Kd5 Kb6 $11)
52... Re5 53. Rc7+ Kd2 $1 (53... Kb4 $4 54. Rc2 Kxa5 55. Re2 $18) 54. Rd7+ Ke1
55. a6 e2 56. Kg2 Rf5 57. a7 Rf2+ 58. Kh3 Rf8 59. Rf7 Rh8+ 60. Kg2 Kd2 61. Rd7+
{and it is a draw by perpetual.} (61. Rd7+ Ke3 62. Re7+ Kd2 $11) 1/2-1/2

[Event "Tilburg Fontys"]
[Site "Tilburg"]
[Date "1996.10.18"]
[Round "7"]
[White "Shirov, Alexei"]
[Black "Van Wely, Loek"]
[Result "0-1"]
[WhiteElo "2685"]
[BlackElo "2605"]
[Annotator "Atlas,V"]
[PlyCount "82"]
[EventDate "1996.10.11"]
[EventType "tourn"]
[EventRounds "11"]
[EventCountry "NED"]
[EventCategory "16"]
[SourceTitle "CBM 056"]
[Source "ChessBase"]
[SourceDate "1997.02.01"]
[SourceVersion "1"]
[SourceVersionDate "1997.02.01"]
[SourceQuality "1"]

1. e4 c5 2. Nf3 d6 3. d4 cxd4 4. Nxd4 Nf6 5. Nc3 a6 6. Be3 e6 7. g4 h6 8. f4 b5
$5 $146 ({An original idea , yielding Black good counterchances. The
alternatives are} 8... Qa5 {, which was played in the game Kolev,A-Suba,M/
Collado Villalba op 1995, and 8...Nc6, which is the most popular move.}) ({
The latter move was tested in several games, among them in two games played by
Topalov as White.Topalov's game against Kasparov continued} 8... Nc6 9. Be2 $6
({An improvement over this move was demonstrated in Topalov's game against
Kolev:} 9. Qf3 $5 Nxd4 10. Bxd4 e5 11. fxe5 dxe5 12. Bxe5 Nxg4 13. Bg3 Bb4 14.
a3 Bxc3+ 15. Qxc3 O-O 16. Bd3 Qg5 17. Qd2 Ne5 18. Qxg5 Nxd3+ 19. cxd3 hxg5 20.
Kd2 $16 {Topalov Veselin-Kolev Atanas/It cat.15 1995/1-0 (54)}) 9... e5 10. Nf5
g6 11. Ng3 exf4 12. Bxf4 Be6 13. Rf1 Rc8 14. h3 Qb6 {, with a good counterplay,
(Topalov,V-Kasparov,G/Moscow olm BUL-RUS 1994)}) 9. Bg2 Bb7 10. a3 Nbd7 11. g5
(11. O-O Nc5 $13) 11... hxg5 12. fxg5 Nh5 13. g6 (13. O-O g6) 13... Ne5 14.
gxf7+ Kxf7 15. O-O+ Nf6 16. Nf3 ({There were some noteworthy alternatives:} 16.
h3 $5 {/\Nce2-f4, ><e6}) (16. Qe1 $5 {/\Qg3}) (16. Nce2 Neg4 $1 $132) 16...
Nxf3+ 17. Bxf3 {/\e5->} Qc7 18. e5 $2 ({This tempting pawn sacirfice
unexpectedly leads White to a practically hopeless ending. Better was} 18. Qe2
Kg8 19. Bd4 Re8 $13 (19... Nd7 $143 $2 20. Bh5 Ne5 21. Bxe5 Qc5+ 22. Rf2 Qxe5
23. Bf7+ Kh7 24. Qg4 $18)) 18... dxe5 19. Bxb7 Qxb7 20. Qg4 {/\Ne4} Rc8 $1 {
An subtle solution to Black's defensive problems. Now the threat is 20...Rc4.}
21. Ne4 Rc4 $1 {An excellent move, guaranteeing Black a clear advantage.} 22.
Ng5+ Kg6 23. Qg3 (23. Qxe6 Rg4+ 24. Kf2 Qg2+ 25. Ke1 Rxg5 26. Bxg5 Qxg5 $19)
23... Nh5 $1 ({The final subtlety. After} 23... Rg4 $2 24. Rxf6+ Kh5 25. Rf3
Rxg3+ 26. Rxg3 $44 {White would have excellent counterchances due to a bad
position of the black king.}) 24. Qf3 (24. Qxe5 Rg4+ 25. Kf2 Qg2+ 26. Ke1 Rxg5
27. Bxg5 Qxg5 28. Qe4+ (28. Qxe6+ Nf6) 28... Kh6 29. Qxe6+ g6 $17 {/-+, /
\Rh7-e7, /\ Bg7, עe1}) 24... Qxf3 25. Nxf3 Bd6 {The endgame is lost for White.
} 26. Rad1 Bb8 27. Rd2 Rg4+ 28. Rg2 (28. Kf2 e4 $19) 28... Rxg2+ 29. Kxg2 Nf4+
30. Kh1 Ne2 31. Bf2 e4 32. Nh4+ Kg5 33. Re1 Nf4 34. Rxe4 Rxh4 35. Bxh4+ Kxh4
36. a4 e5 37. axb5 axb5 38. c4 Kg4 39. cxb5 Kf3 40. Rc4 e4 41. Rc8 Bd6 0-1

[Event "Ostrava m"]
[Site "Ostrava"]
[Date "1998.11.14"]
[Round "1"]
[White "Hracek, Zbynek"]
[Black "Shirov, Alexei"]
[Result "0-1"]
[WhiteElo "2615"]
[BlackElo "2720"]
[Annotator "Atlas,V"]
[PlyCount "54"]
[EventDate "1998.11.14"]
[EventType "match"]
[EventRounds "6"]
[EventCountry "CZE"]
[SourceTitle "CBM 068"]
[Source "ChessBase"]
[SourceDate "1999.02.01"]
[SourceVersion "1"]
[SourceVersionDate "1999.02.01"]
[SourceQuality "1"]

1. e4 {Ftacnik} c5 2. Nf3 d6 3. d4 cxd4 4. Nxd4 Nf6 5. Nc3 e6 6. g4 h6 7. h4
Be7 8. Rg1 d5 9. exd5 Nxd5 10. Nxd5 Qxd5 11. Be3 Nc6 ({Another popular line is
} 11... a6 12. Bg2 Qa5+ 13. c3 Bxh4 14. Rh1 Be7 15. Rh5 Qc7 16. g5 Bd7 17. Qe2
Nc6 18. Nxc6 Bxc6 19. Bxc6+ Qxc6 20. O-O-O Rd8 21. Rxd8+ Kxd8 22. gxh6 gxh6 23.
Rxh6 Rxh6 24. Bxh6 Ke8 {0-1 Martinovic,S-Jansa,V/Vrnjacka Banja 1983/MCD (40)})
12. Nxc6 ({The alternatives are:} 12. g5 hxg5 13. hxg5 Bd7 14. c3 (14. Bg2 Qa5+
15. c3 O-O-O 16. Qb3 Qa6 17. Bf1 Nxd4 18. Bxd4 Qa5 19. Bg2 Qa6 20. Bf1 Qa5 {
1-0 Horvath,J-Jasnikowski,Z/Haifa 1989/EU-chT (45)}) 14... Rh1 15. Rxh1 Qxh1
16. Qf3 Qxf3 17. Nxf3 e5 18. Bd3 O-O-O 19. Be4 f6 20. gxf6 gxf6 21. Nh4 Be6 22.
Ke2 Bf8 23. b3 a6 {1/2-1/2 Ljubojevic,L-Timman,J/Hilversum 1987/CBM 05 (29)}) (
12. Bg2 Qa5+ 13. Qd2 Qxd2+ 14. Kxd2 Ne5 15. Bf1 Bxh4 16. Rd1 a6 17. f4 Ng6 {
1/2-1/2 Beliavsky,A-Timman,J/Montpellier 1985/Candidates (32)}) 12... Qxc6 13.
Qd4 $6 ({A dubious move, yielding Black good chances. The standard continuation
} 13. Qd2 e5 14. O-O-O Be6 {1/2-1/2 Luther,T-Rasik,V/Ostrava 1992/CBM 33 (14)
leads to the complex and sharp play.}) 13... Bf6 14. Qb4 a5 (14... Be7 15. Qb3
{threatening 15.Bb5} O-O 16. g5 {yields White good attacking chances.} (16. Bg2
$5)) 15. Qb3 (15. Qb5 {is strongly met by} Bd7 $15) 15... a4 16. Qb4 Be7 17.
Qd2 {'N?!' Ftacnik. Ftacnik: 'Hracek was not aware of the game with repetition
of moves, but his sincere attempt to fight on is connected with a great risk.
His king can find a retreat on the queenside, where a4 pawn already waits to
start an attack.'} e5 18. O-O-O Be6 {The position from the Luther-Rasik arose,
but now the blck a-pawn is placed on a4 instead of a7, which is in Black's
favor.} 19. Bg2 (19. g5 {Ftacnik} Bxa2 $17) 19... Qc7 20. Kb1 ({If} 20. g5 {
then} hxg5 {followed by 21... Bg5, and White has no compensation for the pawn.}
) (20. a3 {Ftacnik} Bxg4) 20... Bxg4 21. Bxb7 Rd8 {'!' Ftacnik. Ftacnik:
'Simple and afficient, tactics works against white. Covering all exposed spots
on a2,g4,b7 and d1 was a near impossible task. '} (21... Qxb7 {Ftacnik} 22.
Rxg4 Rb8 23. Qc3 a3 24. b3 Qf3 25. Rgg1 Bf6 $13) 22. Bd5 Bxd1 23. Qxd1 Qd6 (
23... Bf6 {also deserved attention.}) 24. c4 O-O (24... Kf8 {Ftacnik} 25. Qxa4
Bxh4 $17) 25. Qxa4 e4 {[%csl Rb2][%cal Gd8b8,Gb8b2,Gd6e5,Ge7f6,Gf6b2] Ftacnik:
'The result of a tactical conflict is clear, white can hope for some
compensation with his active bishops and open g file. Black for his part has
spare material and all the right to create an attack on the white king. '} ({
Opening the main diagonal for the queen and bishop. After} 25... Bxh4 $6 {both}
26. Qc2 {(threatening 27.Rg6) and 26.Qd1 with the threats 27.Qh5 and 27.Qg4
yields White dangerous attack.} (26. Qd1 {Ftacnik} Be7 27. Qh5 Kh8 28. a3 (28.
Bxf7 $2 Qd3+ 29. Ka1 Rxf7 $1 30. Qxf7 Qd1+ 31. Bc1 Qxg1 $19) 28... f5 $17)) 26.
Bd4 $2 {A weak move, which is based on the tactical ovrersight.} (26. Bxe4 {
was a right choice, yielding White certain compensation for the exchange.}) (
26. Qc2 {Ftacnik} Bf6 27. Bxh6 (27. Qxe4 Rfe8 28. Qf5 Rb8 $17) 27... Bxb2 28.
Qxb2 Qxh6 29. Bxe4 Rb8 $19) 26... Bf6 27. c5 $4 {[%mdl 8192] A blunder losing
on the spot. Ftacnik: 'Nervous move in a position with chances slipping away
from white. Unfortunatelly after black's response all white pieces are hanging
in the air.'} ({After} 27. Bxf6 Qxf6 {White has no compensation.}) (27. Be3 {
fails to} Rb8 28. Bc1 Qh2 $19) ({The most stubborn was} 27. Rg6 Kh8 28. Rxf6 ({
after} 28. Bxf6 fxg6 29. Bxd8 Qxd8 {'-/+' Ftacnik. Black has all the chances
to easily convert his advantage} (29... Qxd8 $17 {Ftacnik} 30. Bxe4 $140 Rxf2 (
30... Qxh4 31. f3 Qe1+ 32. Kc2 Rd8 33. Bd5 $17) 31. Bd5 Rf1+ $17) (29... Rxd8
$143 $15)) 28... gxf6 29. Qb3) 27... Qh2 $1 {[%csl Rd4,Rd5,Rg1][%cal Gd8d4,
Gf6d4,Gh2g1] White resigned in view of further material losses.} (27... Qh2 28.
Rg3 (28. Bxf6 Qxg1+ $19) (28. Rc1 {Ftacnik} Rxd5 29. Bxf6 gxf6 30. Qxe4 Rfd8
$19) 28... Rxd5 29. Bxf6 Qh1+ 30. Kc2 Qd1+ $19) 0-1

[Event "Bonn GSK"]
[Site "Bonn"]
[Date "1996.??.??"]
[Round "?"]
[White "Kveinys, Aloyzas"]
[Black "Zagorskis, Darius"]
[Result "1-0"]
[WhiteElo "2530"]
[BlackElo "2520"]
[Annotator "Atlas,V"]
[PlyCount "75"]
[EventDate "1996.08.??"]
[EventType "tourn"]
[EventRounds "12"]
[EventCountry "GER"]
[EventCategory "12"]
[SourceTitle "CBM 056"]
[Source "ChessBase"]
[SourceDate "1997.02.01"]
[SourceVersion "1"]
[SourceVersionDate "1997.02.01"]
[SourceQuality "1"]

1. e4 c5 2. Nf3 d6 3. d4 cxd4 4. Nxd4 Nf6 5. Nc3 a6 6. h3 e6 7. g4 d5 8. Bg2 $5
{This rare move is less popular than 8.ed5, but it worked out well in some
recent games.} Nxe4 (8... e5 {seems to be not the best choice:} 9. Nb3 d4 10.
Nd5 Nxd5 11. exd5 Bb4+ 12. Bd2 Bxd2+ 13. Qxd2 O-O 14. O-O f5 15. gxf5 Bxf5 16.
f4 {+/- Bologan,V-Marinelli,T/Caorle 1990}) 9. Nxe4 dxe4 10. Bxe4 $5 ({This
natural move is a novelty. The game Popescu,D-Badea,B/Herculane 1993 went} 10.
c3 e5 11. Nc2 Qxd1+ 12. Kxd1 Nd7 13. Ne3 Nc5 14. Nd5 Rb8 $13) 10... Nd7 $6 ({
The principal continuation here was} 10... e5 {, landing after i} 11. Nf5 Qxd1+
12. Kxd1 Nc6 {n an interesting endgame, where the chances are about equal.})
11. Bg2 Qc7 12. Be3 Ne5 {A tempting manoeuvre, which, however, yields White
the possibility to win some important tempi by attacking the black knight. 12..
.Bd6, as well as 12... Be7 or 12...Bc5 deserved attention.} 13. O-O Bd6 14. f4
Nc4 15. Bc1 Bd7 16. b3 Na5 17. c4 {Control over the big diagonal and the
manifold possibilities for the active play determine better chances for White.}
O-O 18. Be3 Nc6 19. Ne2 $1 {Exchange of the knights would be favourable for
Black. Now White is planning to set his knight at e4.} Rfd8 20. Nc3 Ne7 $2 ({
Black underestimates the danger of a vulnerable position of the Bd6.} 20... Bf8
{yielded Black good defensive chances.}) 21. Ne4 {Now the threat is 19.c5} Bc6
22. Qc2 Bxe4 {Exchange of the bishop for the knight does not relieve the
situation: now White gains a typical advantage due to the domination of his
bishop over the black knight. However, after 22...b6 23.Rad1 White's pressure
at the queenside is very unpleasant.} 23. Bxe4 Bc5 $6 {An unexpected sortie by
Black. 23...Ng6, allowing to avoid losing a pawn, was to be preferred.} 24.
Bxc5 Qxc5+ 25. Kh1 Rd4 26. Bxb7 Rad8 27. Rad1 Ng6 28. Rxd4 Rxd4 29. Be4 f5 $2 (
{Trying to clear the way to the white king, Black underestimate the attacking
possibilities White gets after diminishing Black's kingside.} 29... Qc7 {
would be much more stubborn.}) 30. gxf5 exf5 31. b4 $1 {This excellent blow,
which allows white queen toapproach the rival king was, probably, overlooked
by Black. Now the tandem Q+B is incredibly efficient.} Qc7 (31... Qxb4 32. Bd5+
Kh8 33. Qxf5 $40) 32. Bg2 Nxf4 33. Qxf5 h6 34. Be4 $1 g5 35. c5 {The game is
finished, the rest needs no comment.} Rxb4 36. Rd1 Rb7 37. c6 Rb5 38. Qf6 1-0

[Event "Cacak"]
[Site "Cacak"]
[Date "1996.??.??"]
[Round "5"]
[White "Leko, Peter"]
[Black "Almasi, Zoltan"]
[Result "1/2-1/2"]
[WhiteElo "2630"]
[BlackElo "2655"]
[Annotator "Atlas,V"]
[PlyCount "62"]
[EventDate "1996.11.??"]
[EventType "tourn"]
[EventRounds "9"]
[EventCountry "YUG"]
[EventCategory "13"]
[SourceTitle "CBM 057"]
[Source "ChessBase"]
[SourceDate "1997.04.01"]
[SourceVersion "1"]
[SourceVersionDate "1997.04.01"]
[SourceQuality "1"]

1. e4 c5 2. Nf3 d6 3. d4 cxd4 4. Nxd4 Nf6 5. Nc3 a6 6. Be3 e6 7. g4 e5 8. Nf5
g6 9. g5 gxf5 10. exf5 d5 11. gxf6 d4 12. Bc4 Qc7 ({An important alternative
to the most testing move} 12... Qxf6 13. Nd5 (13. Ne4 Qxf5 14. Bd3 Qe6 15. Bg5
Nd7 16. Qh5 b6 17. f4 Bb7 18. f5 Qd5 $17 {Kotronias,V-Thorhallsson,T/Gausdal
Int (06)/1994/ (32)}) 13... Qc6 14. Bxd4 Bb4+ (14... Qxc4 $2 15. Nf6+ Ke7 16.
Bxe5) (14... exd4 $2 15. Qxd4) 15. c3 Qxc4 16. Be3 Be7 (16... Ba5 17. Nf6+ $10
{Shirov,A-Gelfand,B/Wijk (09) ;CBM 51 1996 (42)}) 17. Nb6 Qc6 18. Rg1 Nd7 19.
Nxa8 b5 20. Qd5 Qb7 21. O-O-O Bd8 22. f6 Qxd5 23. Rxd5 Bb7 24. Rd6 Bxa8 25.
Rgd1 Bf3 26. Rxd7 Bxd1 27. Rxd1 $18 {Thorhallsson,T-Arnason,J Reykjavik 1992})
13. Qd3 Bb4 ({several games have followed} 13... dxc3 14. O-O-O Nc6 15. Rhe1
cxb2+ 16. Kb1 Bb4 17. Rg1 (17. c3 Ba3 18. Bf4 Qd7 $1 19. Bd5 Qxd5 $1 20. Qxd5
Bxf5+ 21. Rd3 O-O 22. Bh6 Rfd8 23. Rg1+ Kh8 24. Bg7+ Kg8 25. Bh6+ Kh8 26. Bg7+
Kg8 27. Bh6+ {1/2-1/2 Sigurjonsson,G-Olafsson,H/Neskaupsstadur/1984/}) 17...
Rf8 18. f4 exf4 19. Bxf4 Qxf4 20. Rge1+ Bxe1 21. Rxe1+ $44 {Kotronias,
V-Arnason,J/Reykjavik 1992}) (13... dxe3 {also deserves attention:} 14. O-O-O
exf2 (14... Nc6 15. Nd5 Qa5 16. f4 Bh6 17. Kb1 b5 18. fxe5 e2 19. Qxe2 Bb7 20.
Bb3 $18 {1-0 Gallagher,J-Shneider,A/Bern op (09) ;EXP 46 1995 (26)}) 15. Bxf7+
$5 Kxf7 16. Qd5+ $44 {Shirov,A-Polgar,J/Dortmund 1996}) 14. O-O-O Bxc3 15. Bh6
Bb4 16. f4 (16. Rhg1) 16... Nc6 17. fxe5 (17. Bg7 Rf8 18. a3 Bd6 19. Rhe1 $44)
17... Qxe5 18. Bxf7+ Kxf7 19. Qb3+ Be6 20. fxe6+ Qxe6 21. Qg3 $146 ({A new
idea. Theory up to now has continued} 21. Qf3 $5 Rhg8 22. a3 Rg6 23. Qh5 Ba5
24. Kb1 Rd8 25. Bd2 Bxd2 26. Qxh7+ Kxf6 27. Rxd2 Qf5 28. Qxb7 Rd6 29. Qxa6 $36
{1-0 Tseitlin,M-Bosboom,M/Groningen op 1995 (45)}) 21... Rhg8 22. Qc7+ Kg6 23.
Bf4 {/\Rg1+- The best move. Other continuations are entirely harmless for
Black:} (23. Rdg1+ Kxh6 24. Qf4+ Kh5 25. Qf3+ (25. h4 $4 Qe3+ $19) (25. Rg3 Bd6
26. Qf3+ Kh4 $19) 25... Rg4 26. h3 Qe3+ 27. Qxe3 dxe3 28. hxg4+ Kg6 $17) (23.
f7 Kxh6 24. Qf4+ Rg5 (24... Kg7 25. fxg8=Q+ Rxg8 26. Rxd4) 25. h4 Qe3+ $17) (
23. Bg7 $2 Qxa2 $19) 23... Qxa2 {The best defence. Black is threatening Qa1
mate, hence White must force a draw by perpetual.} 24. Rhg1+ Kf5 25. Qd7+ (25.
Qxh7+ Kxf4 26. Rdf1+ Ke5 27. Qc7+ (27. Re1+ Kd6 $19) 27... Ke6 28. Re1+ Bxe1
29. Rxe1+ Kf5 (29... Kxf6 $4 30. Qf4+ Kg6 31. Rg1+ Kh5 32. Qf5+ Kh6 33. Qh3#)
30. Rf1+ Kg6 31. Rg1+ Kf5 $11) 25... Kxf4 26. Rdf1+ Ke5 27. Re1+ Bxe1 28. Rxe1+
Kf4 29. Rf1+ Ke5 30. Re1+ Kf4 31. Rf1+ Ke5 1/2-1/2